Prime Ministerial First Names - Statistics

General Stats
  • This quiz has been taken 168 times
    84 since last reset
  • The average score is 44 of 57
Answer Stats
Commonly known as... Prime Minister % Correct
Boris Johnson Alexander II (Boris)
98%
Tony Blair Anthony (Tony)
96%
David Lloyd George David I
96%
David Cameron David II
96%
Harold Wilson James II (Harold)
96%
Gordon Brown James III (Gordon)
96%
Ramsay MacDonald James I (Ramsay)
94%
Earl of Bute John I
92%
Lord John Russell John II
92%
John Major John III
92%
James Callaghan Leonard (James)
92%
Duke of Devonshire William I
90%
William Pitt the Elder William II
90%
Earl of Shelburne William III
90%
Duke of Portland William IV
90%
William Pitt the Younger William V
90%
Baron Grenville William VI
90%
Viscount Melbourne William VII
90%
William Gladstone William VIII
90%
Liz Truss Mary (Liz)
88%
Winston Churchill Winston
88%
Neville Chamberlain Arthur III (Neville)
84%
Earl of Derby Edward I
84%
Edward Heath Edward II
84%
Anthony Eden Robert V (Anthony)
84%
Margaret Thatcher Margaret
82%
Rishi Sunak Rishi
82%
Alec Douglas-Home Alexander I (Alec)
80%
George Grenville George I
80%
George Canning George II
80%
Earl of Aberdeen George III
80%
Sir Robert Walpole Robert I
80%
Earl of Liverpool Robert II
80%
Robert Peel Robert III
80%
Marquess of Salisbury Robert IV
80%
Theresa May Theresa
80%
Henry Pelham Henry I
78%
Henry Addington Henry II
78%
Viscount Palmerston Henry III
78%
Henry Campbell-Bannerman Henry IV
78%
Harold Macmillan Maurice (Harold)
78%
Benjamin Disraeli Benjamin
76%
Clement Attlee Clement
71%
Duke of Wellington Arthur I
61%
Arthur Balfour Arthur II
61%
H.H. Asquith Herbert
61%
Stanley Baldwin Stanley
61%
Marquess of Rockingham Charles I
57%
Earl Grey Charles II
57%
Bonar Law Andrew (Bonar)
51%
Duke of Newcastle Thomas
51%
Earl of Wilmington Spencer I
49%
Spencer Perceval Spencer II
49%
Lord Frederick North Frederick I
39%
Viscount Goderich Frederick II
39%
Earl of Rosebery Archibald
35%
Duke of Grafton Augustus
22%
No matching quizzes found
Score Distribution
Percent of People with Each Score
Percentile by Number Answered
Your Score History
You have not taken this quiz since the last reset